| 000 | 01400nab a2200241 i 4500 | ||
|---|---|---|---|
| 001 | 768714001 | ||
| 003 | CO-MdFUSB | ||
| 005 | 20240719122537.0 | ||
| 008 | 240719t1986 enk||||| |||| 00| 0 eng d | ||
| 040 |
_bspa _cCO-MdFUSB _dCO-MdFUSB |
||
| 041 | _aeng | ||
| 100 |
_aFlood, David, _eautor |
||
| 245 |
_aGospel poverty and the poor _c/ David Flood |
||
| 520 | _aLa figura de Jesús pobre pertenecía a la cultura medieval. El lema de la devoción cristiana en la Edad Media se derivó de la enseñanza de San Jerónimo, nudum Christum nudus sequere (desnudo para seguir a Cristo)En su irónico comentario sobre los valdenses en el Sínodo de Roma de 1179, Walter Map utilizó ampliamente esta frase. En el año 1215, Jacobo de Vitryn lo utilizó para expresar su profundo anhelo en su Vida de María de Oignies. La vida de Jesús con los apóstoles y la comunidad comercial en Jerusalén fue un modelo para la vida común (vita apostolica, ecclesiae primitivae forma). | ||
| 546 | _aTexto en inglés. | ||
| 630 | 0 | 7 |
_aBiblia. _pNuevo Testamento |
| 650 | 7 |
_aCristología _9239 |
|
| 650 | 7 |
_aPobreza _92466 |
|
| 650 | 7 |
_aHermenéutica bíblica _97333 |
|
| 773 | 0 |
_070507 _982836 _dLondres : Board, 1966. _oR2688 _tConcilium : _w(CO-MdFUSB)768714001 _x0010-5236 _gVolumen 187, (número 5, 1986), páginas: 63 - 69 _qpágina: 63 |
|
| 942 | _cANA | ||
| 945 | _aCatherine Arias Álvarez - Practicante SENA | ||
| 999 |
_c70547 _d70547 |
||